शरलॉक होम्स की सर्वश्रेष्ठ कहानियाँ / (Record no. 36546)

MARC details
000 -LEADER
fixed length control field 01180nam a22002537a 4500
005 - DATE AND TIME OF LATEST TRANSACTION
control field 20100603112542.0
008 - FIXED-LENGTH DATA ELEMENTS--GENERAL INFORMATION
fixed length control field 100603t xxu||||| |||| 00| 0 hin d
010 ## - LCCN (DPL NO)
LC control number HIN-89484
020 ## - INTERNATIONAL STANDARD BOOK NUMBER
Terms of availability 250.00
International Standard Book Number 9788190571463
035 ## - SYSTEM CONTROL NUMBER
System control number HN-61830
037 ## - SOURCE OF ACQUISITION
Source of stock number/acquisition DBAD / PUB
040 ## - CATALOGING SOURCE
Original cataloging agency DPL
Language of cataloging HN
082 ## - DEWEY DECIMAL CLASSIFICATION NUMBER
Classification number
245 ## - TITLE STATEMENT
Title शरलॉक होम्स की सर्वश्रेष्ठ कहानियाँ /
Statement of responsibility, etc श्यामलाल द्वारा संपादित
246 ## - VARYING FORM OF TITLE
Title proper/short title Sharlok homes ki sarvshreshth Kahaniyaan
Remainder of title Ed by Shyamlal
260 ## - PUBLICATION, DISTRIBUTION, ETC. (IMPRINT)
Place of publication, distribution, etc दिल्ली
Name of publisher, distributor, etc देव पुस्तक मंदिर
Date of publication, distribution, etc 2009
270 ## - ADDRESS
Address एल-5/45, शिवाजी मार्ग, करतार नगर
City दिल्ली
Postal code 110053
300 ## - PHYSICAL DESCRIPTION
Extent 198पृ
Dimensions 22सेमी (सजिल्द)
650 ## - SUBJECT ADDED ENTRY--TOPICAL TERM
Topical term or geographic name as entry element लघु कथाएँ, हिन्दी
9 (RLIN) 1169
650 ## - SUBJECT ADDED ENTRY--TOPICAL TERM
Topical term or geographic name as entry element short stories, hindi
9 (RLIN) 18410
700 ## - ADDED ENTRY--PERSONAL NAME
Personal name श्यामलाल
9 (RLIN) 18411
942 ## - ADDED ENTRY ELEMENTS (KOHA)
Source of classification or shelving scheme Dewey Decimal Classification
Item type Hindi Books
Call number suffix शरलॉ
Classification part
Holdings
Withdrawn status Lost status Source of classification or shelving scheme Damaged status Not for loan Collection code Home library Current library Date acquired Source of acquisition Cost, normal purchase price Total Checkouts Full call number Barcode Date last seen Copy number Cost, replacement price Koha item type
    Dewey Decimal Classification   Not For Loan Fiction D.B.Act.Division D.B.Act.Division 03/06/2010 DBAD / PUB 250.00   क शरलॉ HN-61830 03/06/2010 1 250.00 Hindi Books

© Delhi Public Library
Hit Counter
free hit counter